Brahmacharya (Record no. 1406159)

MARC details
000 -LEADER
fixed length control field 00715nam a2200313Ia 4500
008 - FIXED-LENGTH DATA ELEMENTS--GENERAL INFORMATION
fixed length control field 161109s9999||||xx |||||||||||||| ||und||
040 ## - CATALOGING SOURCE
Transcribing agency English
082 ## - DEWEY DECIMAL CLASSIFICATION NUMBER
Classification number V / Gandhi
082 ## - DEWEY DECIMAL CLASSIFICATION NUMBER
Item number BORI-112085
100 ## - MAIN ENTRY--PERSONAL NAME
Personal name M.K.Ghandhi
245 ## - TITLE STATEMENT
Title Brahmacharya
245 ## - TITLE STATEMENT
Remainder of title The Law of Continence
260 ## - PUBLICATION, DISTRIBUTION, ETC. (IMPRINT)
Place of publication, distribution, etc Bombay
260 ## - PUBLICATION, DISTRIBUTION, ETC. (IMPRINT)
Name of publisher, distributor, etc Anand T. Hingorani
260 ## - PUBLICATION, DISTRIBUTION, ETC. (IMPRINT)
Date of publication, distribution, etc 1964
300 ## - PHYSICAL DESCRIPTION
Extent 103
300 ## - PHYSICAL DESCRIPTION
Dimensions A
300 ## - PHYSICAL DESCRIPTION
Accompanying material Hardbound
530 ## - ADDITIONAL PHYSICAL FORM AVAILABLE NOTE
Availability source "Gokhale ,W.N."
530 ## - ADDITIONAL PHYSICAL FORM AVAILABLE NOTE
Uniform Resource Identifier <a href="0000112085.Pdf">0000112085.Pdf</a>
563 ## - BINDING INFORMATION
Binding note Study
600 ## - SUBJECT ADDED ENTRY--PERSONAL NAME
Personal name M.K.Ghandhi
630 ## - SUBJECT ADDED ENTRY--UNIFORM TITLE
Uniform title Brahmacharya
650 ## - SUBJECT ADDED ENTRY--TOPICAL TERM
Topical term or geographic name as entry element Dharmashastra
650 ## - SUBJECT ADDED ENTRY--TOPICAL TERM
Topical term or geographic name as entry element Dharmashastra study
700 ## - ADDED ENTRY--PERSONAL NAME
Personal name M.K.Ghandhi
730 ## - ADDED ENTRY--UNIFORM TITLE
Uniform title Brahmacharya
942 ## - ADDED ENTRY ELEMENTS (KOHA)
Koha item type Book
Holdings
Withdrawn status Lost status Damaged status Not for loan Home library Current library Date acquired Cost, normal purchase price Total Checkouts Full call number Barcode Date last seen Cost, replacement price Price effective from Koha item type
        Bhandarkar Oriental Research Institute, Pune Bhandarkar Oriental Research Institute, Pune 10/11/2014 1.50   BORI-112085 BORI-112085 11/09/2016 1.50 11/09/2016 Book